Capitale ou fiction ? - Mort subites - Statistiques

Statistiques générales
  • Ce quiz a été pris 1 016 fois
    324 depuis la dernière actualisation
  • Le résultat moyen est 8 sur 13
Answers on the Grid
Answers color-coded by a green-red scale on the quiz's grid according to % correct below.
Malabo
Bakou
Majuro
Bandar Seri Begawan
Port Louis
Paramaribo
Thimphou
Ouagadougou
Victoria
Bamako
Palikir
Nassau
Dodoma
Dalaran
Esgaroth
Illéa
Lorien
Balamb
El Dorado
Panem
 
Statistiques - réponses
Réponse % Correct
Bamako
88%
Ouagadougou
87%
Port Louis
82%
Bakou
79%
Nassau
76%
Victoria
73%
Bandar Seri Begawan
51%
Paramaribo
51%
Dodoma
49%
Malabo
45%
Majuro
42%
Thimphou
40%
Palikir
33%
Aucun quiz correspondant
Distribution des résultats
% des personnes avec chaque résultat
Percentile par nombre de réponses
Votre historique - résultats
Vous n’avez pas pris ce quiz depuis la dernière actualisation